00474nam a2200193 a 4500001001300000003000900013005001700022008004100039020001000080082001400090100002000104245001700124260003600141300000900177500003500186505001500221650002300236650002100259nice12345678IN_TiNIC20260116014819.0050524s2002 newa grp 000 0 eng  ac10000a297bAHM3 aAhmed, Zaheer U aOne Religion aNew DelhibGoodword Booksc2002 a161p aincludes index and biblioraphy2 aAppendices aIslam-Meccan Trade aHasanuddin Ahmed